Die lustige Blätterwiese (Record no. 7329)

MARC details
000 -CABECERA
campo de control de longitud fija 00717nam a2200229 a 4500
001 - NÚMERO DE CONTROL
campo de control BRCA_7655
005 - FECHA Y HORA DE LA ÚLTIMA TRANSACCIÓN
campo de control 20190320205929.0
008 - DATOS DE LONGITUD FIJA--INFORMACIÓN GENERAL
campo de control de longitud fija 260713s1956----gw-a###f##---#001-0#ger-#
041 ## - CÓDIGO DE LENGUA
Código de lengua del texto/banda sonora o título independiente ger
044 ## - CÓDIGO DEL PAÍS DE LA ENTIDAD EDITORA/PRODUCTORA
Código MARC del país gw
050 #4 - SIGNATURA TOPOGRÁFICA DE LA BIBLIOTECA DEL CONGRESO
Número de clasificación PN4838
Número de documento/Ítem .T55 1956
100 1# - ENTRADA PRINCIPAL--NOMBRE DE PERSONA
Nombre de persona Tillmann, Hans
9 (RLIN) 18878
245 10 - MENCIÓN DE TÍTULO
Título Die lustige Blätterwiese
Resto del título vom humor in der presse
Mención de responsabilidad, etc. Hans Tillmann ; mit zeichnungen von Claus Arnold.
260 ## - PUBLICACIÓN, DISTRIBUCIÓN, ETC.
Lugar de publicación, distribución, etc. Düsseldorf
Nombre del editor, distribuidor, etc. Droste
Fecha de publicación, distribución, etc. c1956
300 ## - DESCRIPCIÓN FÍSICA
Extensión 254 p.
Otras características físicas il., dibujos
Dimensiones 18 cm.
500 ## - NOTA GENERAL
Nota general T72
650 14 - PUNTO DE ACCESO ADICIONAL DE MATERIA--TÉRMINO DE MATERIA
Término de materia o nombre geográfico como elemento de entrada Periodismo
Subdivisión general Anécdotas, chistes, sátiras, etc.
Subdivisión geográfica Alemania
9 (RLIN) 18879
650 14 - PUNTO DE ACCESO ADICIONAL DE MATERIA--TÉRMINO DE MATERIA
Término de materia o nombre geográfico como elemento de entrada Humorismo periodístico
Subdivisión geográfica Alemania
9 (RLIN) 18880
700 1# - PUNTO DE ACCESO ADICIONAL--NOMBRE DE PERSONA
Nombre de persona Arnold, Claus
Término indicativo de función/relación il.
9 (RLIN) 18881
902 ## - CATALOGADOR
Iniciales GFM
942 ## - ELEMENTOS DE PUNTO DE ACCESO ADICIONAL (KOHA)
Fuente del sistema de clasificación o colocación Library of Congress Classification
Tipo de ítem Koha Libros
Holdings
Estado de retiro Estado de pérdida Estado dañado No para préstamo Localización permanente Ubicación/localización actual Fecha de adquisición Número de inventario Total de préstamos Signatura topográfica completa Código de barras Fecha visto por última vez Precio válido a partir de Tipo de ítem Koha
El ejemplar forma parte de la colección y puede ser consultado según las políticas vigentes.       Biblioteca del Museo Franz Mayer (Rogerio Casas-Alatriste) Biblioteca del Museo Franz Mayer (Rogerio Casas-Alatriste) 25/07/2013 T72   PN4838 .T55 1956 (T72) 8263 22/03/2019 22/03/2019 Libros